| 000 | 00581 a2200181 4500 | ||
|---|---|---|---|
| 020 | _a9971512718 | ||
| 020 | _a9789971512712 | ||
| 090 |
_c2286 _d2286 |
||
| 100 | 1 | _aCochran, William G. | |
| 245 | 1 | 0 |
_aSampling techniques / _cWilliam G. Cochran. |
| 250 | _a1st ed. | ||
| 260 |
_a[S.l.] : _bWiley, _c1960. |
||
| 300 | _a330 p. | ||
| 500 | _aPaperback. | ||
| 856 | 4 | 0 |
_3Amazon.com _uhttp://www.amazon.com/exec/obidos/ASIN/9971512718/chopaconline-20 |
| 856 | 4 | 0 |
_3Amazon customer reviews _uhttp://www.chopac.org/cgi-bin/tools/azrev.pl?q=9971512718 |
| 942 |
_aNBS _cBK _k001.4222 COC |
||
| 999 |
_c344787 _d344787 |
||